000 00400nam a22001697a 4500
020 _a9789364870726
082 _aM3
_bVIS/M
100 _aVishnu Prasad M R
245 _aMathiyas/
_cby Vishnu Prasad M R
250 _a5th ed.
260 _aKottayam:
_bDC Books,
_c2026.
300 _a237p.
650 _aNovel Malayalam
650 _aLiterature Malayalam
650 _aLiterature
942 _cBK
999 _c181846
_d181846